000 00316nam a22001337a 4500
008 170216b xxu||||| |||| 00| 0 eng d
020 _a2901567932637
041 _aeng
080 _23RD
_a61
100 _a4
101 _aSHM
245 _aUNDERSTANDING THE U.S HEALTH SERVICES SYSTEM
_cBARTON, P.L
942 _2udc
_cBK
999 _c5644
_d5644